[Event "39th Eastman Open 2016"]
[Site "Ghent BEL"]
[Date "2016.07.16"]
[Round "1.1"]
[White "Epishin, Vladimir"]
[Black "Stricker, Dieter"]
[Result "1-0"]
[WhiteTitle "GM"]
[WhiteElo "2557"]
[BlackElo "1920"]
[WhiteFideId "4162714"]
[BlackFideId "12932094"]
[EventDate "2016.07.16"]

1. d4 d5 2. Nf3 Nf6 3. c4 e6 4. Bg5 Be7 5. e3 O-O 6. Nbd2 b6 7. Rc1 Bb7 8. cxd5
exd5 9. Bxf6 Bxf6 10. b4 a6 11. Bd3 c6 12. h4 Qd6 13. Ng5 h6 14. Nh7 Re8 15.
Nxf6+ Qxf6 16. Nb3 Bc8 17. Bb1 Qd6 18. a3 Ra7 19. O-O Qf6 20. Qh5 Qe6 21. Rc3
Rf8 22. Qe5 Bd7 23. Qxe6 Bxe6 24. a4 g6 25. f3 1-0

[Event "39th Eastman Open 2016"]
[Site "Ghent BEL"]
[Date "2016.07.16"]
[Round "1.2"]
[White "Van Der Straeten, Lieven"]
[Black "Lintchevski, Daniil"]
[Result "0-1"]
[BlackTitle "GM"]
[WhiteElo "1901"]
[BlackElo "2548"]
[WhiteFideId "204994"]
[BlackFideId "4171055"]
[EventDate "2016.07.16"]

1. e4 c6 2. Nc3 d5 3. Nf3 Bg4 4. h3 Bh5 5. Be2 e6 6. O-O Nf6 7. d3 Be7 8. Ne5
Bxe2 9. Qxe2 O-O 10. f4 Nbd7 11. Nxd7 Nxd7 12. Qg4 f5 13. Qe2 fxe4 14. dxe4 Bb4
15. Bd2 Nf6 16. e5 Bxc3 17. exf6 Bd4+ 18. Kh1 Qxf6 19. c3 Bb6 20. Rae1 Rae8 21.
Qg4 Qf5 22. Qxf5 exf5 23. Rxe8 Rxe8 24. Re1 Re4 25. g3 Bf2 26. Rxe4 fxe4 27. Kg2
Bb6 28. g4 g6 29. Kf1 Kf7 30. Ke2 Ke6 31. b3 c5 32. Be1 d4 33. c4 Bc7 34. Bg3
Kf7 35. h4 h5 36. gxh5 gxh5 37. a3 Kf6 38. b4 b6 0-1

[Event "39th Eastman Open 2016"]
[Site "Ghent BEL"]
[Date "2016.07.16"]
[Round "1.3"]
[White "Michiels, Bart"]
[Black "Alders, Roeland"]
[Result "1-0"]
[WhiteTitle "GM"]
[WhiteElo "2524"]
[BlackElo "1855"]
[WhiteFideId "202967"]
[BlackFideId "1013297"]
[EventDate "2016.07.16"]

1. d4 Nf6 2. c4 c5 3. d5 b5 4. Nf3 bxc4 5. Nc3 g6 6. e4 d6 7. e5 dxe5 8. Nxe5
Bg7 9. Bxc4 O-O 10. O-O Bb7 11. Re1 Nbd7 12. Nc6 Bxc6 13. dxc6 Nb6 14. Qxd8
Rfxd8 15. Ba6 Nfd5 16. Nxd5 Nxd5 17. Bb7 Rab8 18. Rb1 e6 19. Bd2 Bf8 20. Re4 Bd6
21. Ra4 Bc7 22. Rxa7 Bb6 23. Ra6 Nc7 24. Rxb6 Rxd2 25. Rb3 Rbd8 26. Kf1 Kf8 27.
a4 Ke7 28. a5 Kd6 29. a6 Na8 30. Ke1 Rd4 31. Rd1 Rxd1+ 32. Kxd1 Kc7+ 33. Kc2 Kb8
34. a7+ Kc7 35. Kc3 f5 36. f4 h6 37. h4 Kd6 38. Kc4 Re8 39. Rd3+ Kc7 40. Bxa8
Rxa8 41. Kxc5 1-0

[Event "39th Eastman Open 2016"]
[Site "Ghent BEL"]
[Date "2016.07.16"]
[Round "1.4"]
[White "Vincent, Gwijde"]
[Black "Dgebuadze, Alexandre"]
[Result "0-1"]
[BlackTitle "GM"]
[WhiteElo "1817"]
[BlackElo "2511"]
[WhiteFideId "223751"]
[BlackFideId "203882"]
[EventDate "2016.07.16"]

1. e4 e6 2. d4 d5 3. exd5 exd5 4. Bd3 c5 5. dxc5 Bxc5 6. Nf3 Nf6 7. O-O O-O 8.
Bg5 h6 9. Bh4 g5 10. Nxg5 hxg5 11. Bxg5 Kg7 12. Nc3 Rh8 13. Qf3 Be6 14. Nxd5
Bxd5 15. Bxf6+ Qxf6 16. Qxd5 Bd6 17. h3 Nc6 18. Rfe1 Rad8 19. Qf5 Qxf5 20. Bxf5
Be5 21. Rab1 Rd2 22. Kf1 Rhd8 23. c3 Bf6 24. Re2 Na5 25. g3 Nc4 26. b3 Rxe2 27.
Kxe2 Nd6 28. Bd3 Bxc3 29. Rc1 Bd4 30. h4 Re8+ 31. Kf3 Re6 32. Rc2 Rf6+ 33. Kg2
b6 34. f3 Re6 35. Re2 Rxe2+ 36. Bxe2 Nf5 37. Bd3 Ne3+ 38. Kh3 Bc3 39. f4 f5 40.
Bb1 Be1 41. Bd3 Kf6 42. Be2 Nd5 43. Bc4 Nc3 44. g4 fxg4+ 45. Kxg4 Nxa2 46. h5
Bb4 47. h6 Kg6 48. f5+ Kxh6 49. f6 Kg6 50. f7 Nc3 51. Kf4 b5 0-1

[Event "39th Eastman Open 2016"]
[Site "Ghent BEL"]
[Date "2016.07.16"]
[Round "1.5"]
[White "Inkiov, Ventzislav"]
[Black "De Saegher, Johan"]
[Result "1-0"]
[WhiteTitle "GM"]
[WhiteElo "2467"]
[BlackElo "1875"]
[WhiteFideId "2900033"]
[BlackFideId "214701"]
[EventDate "2016.07.16"]

1. d4 Nf6 2. c4 c5 3. e3 g6 4. Nc3 Bg7 5. Nf3 b6 6. Be2 O-O 7. O-O Bb7 8. d5 d6
9. e4 Nbd7 10. Bf4 Nh5 11. Be3 Nhf6 12. h3 Bc8 13. Bf4 Nh5 14. Bh2 h6 15. Nd2
Nhf6 16. f4 e5 17. dxe6 fxe6 18. e5 dxe5 19. fxe5 Nh7 20. Rxf8+ Qxf8 21. Bf3 Rb8
22. Qe2 Ng5 23. Bc6 Qe7 24. h4 Nf7 25. Nf3 Bb7 26. Bxb7 Rxb7 27. Qe4 Nf8 28. Nb5
Rd7 29. Rf1 h5 30. Nd6 Nh6 31. Bf4 Qd8 32. Bg5 Qb8 33. Bxh6 Bxh6 34. Ng5 Bxg5
35. hxg5 Kg7 36. Rf6 a6 37. Qf4 Qd8 38. Kh2 Re7 39. Rf7+ Rxf7 40. Qxf7+ Kh8 41.
Ne8 1-0

[Event "39th Eastman Open 2016"]
[Site "Ghent BEL"]
[Date "2016.07.16"]
[Round "1.6"]
[White "Beinroth, Marcel"]
[Black "Venkatesh, M.R."]
[Result "1/2-1/2"]
[BlackTitle "GM"]
[WhiteElo "1904"]
[BlackElo "2445"]
[WhiteFideId "12914770"]
[BlackFideId "5005779"]
[EventDate "2016.07.16"]

1. d4 Nf6 2. Nf3 g6 3. e3 Bg7 4. Be2 d6 5. O-O Nbd7 6. b3 O-O 7. Bb2 b6 8. c4
Bb7 9. Nc3 e5 10. dxe5 dxe5 11. Qc2 e4 12. Nd2 Re8 13. Rfd1 a6 14. a4 Qc8 15. a5
bxa5 16. Rxa5 c5 17. Rda1 Re6 18. h3 h5 19. Bf1 h4 20. Nd5 Rb8 21. Bc3 Qd8 22.
Qb2 Kh7 23. Be2 Ne8 24. Bxg7 Nxg7 25. Nb1 1/2-1/2

[Event "39th Eastman Open 2016"]
[Site "Ghent BEL"]
[Date "2016.07.16"]
[Round "1.7"]
[White "Docx, Stefan"]
[Black "Moerman, Thomas"]
[Result "1-0"]
[WhiteTitle "IM"]
[WhiteElo "2420"]
[BlackElo "1872"]
[WhiteFideId "200778"]
[BlackFideId "235644"]
[EventDate "2016.07.16"]

1. Nf3 Nf6 2. c4 e6 3. Nc3 Be7 4. e4 d6 5. d4 c5 6. d5 O-O 7. h3 Na6 8. Bd3 Rb8
9. O-O Bd7 10. Re1 e5 11. a3 Nc7 12. b4 b6 13. Rb1 a5 14. bxa5 bxa5 15. Bd2 Rxb1
16. Qxb1 Qb8 17. Qc2 Qa7 18. Rb1 Rb8 19. Nb5 Nxb5 20. cxb5 a4 21. Be3 Qa5 22.
Qc4 Ne8 23. Bd2 Qa7 24. Bc2 Bd8 25. Qxa4 Qxa4 26. Bxa4 Ra8 27. Bc2 Rxa3 28. b6
Ra8 29. Bc3 f6 30. Nd2 Rb8 31. Nc4 Bc8 32. Ba4 Ba6 33. Bb5 Bxb5 34. Rxb5 Kf8 35.
Rb2 Ke7 36. g4 Rb7 37. Ra2 Kd7 38. Ra8 Be7 39. Kf1 Bd8 40. Ke2 Be7 41. Kd3 Bd8
42. Kc2 h6 43. Ba5 Be7 44. f3 Bd8 45. Kb3 Be7 46. Ka4 g5 47. Bc3 Bd8 48. Ka5 Ke7
49. Ka6 Rd7 50. Ba5 1-0

[Event "39th Eastman Open 2016"]
[Site "Ghent BEL"]
[Date "2016.07.16"]
[Round "1.8"]
[White "Van Der Stricht, Jan"]
[Black "Djuric, Stefan"]
[Result "0-1"]
[BlackTitle "GM"]
[WhiteElo "1870"]
[BlackElo "2420"]
[WhiteFideId "209066"]
[BlackFideId "900133"]
[EventDate "2016.07.16"]

1. Nf3 g6 2. c4 Bg7 3. d4 Nf6 4. g3 O-O 5. Bg2 d6 6. O-O Nc6 7. Nc3 a6 8. e4 Bg4
9. h3 Bxf3 10. Bxf3 Nd7 11. Be3 e5 12. d5 Nd4 13. Bg2 c5 14. dxc6 bxc6 15. b4 a5
16. a3 axb4 17. axb4 Kh8 18. Qd3 Qb6 19. Rab1 f5 20. Ne2 Ra2 21. Nc3 Ra3 22. Bc1
Rxc3 0-1

[Event "39th Eastman Open 2016"]
[Site "Ghent BEL"]
[Date "2016.07.16"]
[Round "1.9"]
[White "Alienkin, Aleksander"]
[Black "Kruijf, Caspar"]
[Result "1-0"]
[WhiteTitle "IM"]
[WhiteElo "2387"]
[BlackElo "1871"]
[WhiteFideId "4156765"]
[BlackFideId "1006460"]
[EventDate "2016.07.16"]

1. e4 e5 2. Nf3 Nc6 3. Bb5 a6 4. Ba4 Nf6 5. Bxc6 dxc6 6. d3 Nd7 7. Nbd2 b5 8.
O-O Be7 9. b3 O-O 10. Bb2 f6 11. Qe2 c5 12. a4 c6 13. Nh4 Re8 14. f4 exf4 15.
Nf5 Nf8 16. Rxf4 Bd6 17. Nxd6 Qxd6 18. Rf2 Ne6 19. e5 Nd4 20. exd6 Nxe2+ 21. Kf1
Nd4 22. Bxd4 cxd4 23. Rf4 f5 24. Nf3 c5 25. axb5 a5 26. Nd2 Be6 27. Rf2 Red8 28.
Re2 Rxd6 29. Re5 Rb6 30. Rxc5 Bd7 31. Rd5 Bxb5 32. Rxf5 a4 33. Nf3 Bd7 34. Rf4
Rc8 35. Rxd4 axb3 36. cxb3 Bf5 37. b4 Rc3 38. Ne5 h6 39. Rd8+ Kh7 40. Raa8 1-0

[Event "39th Eastman Open 2016"]
[Site "Ghent BEL"]
[Date "2016.07.16"]
[Round "1.11"]
[White "Sarrau, Jelle"]
[Black "De Putter, Theo"]
[Result "1-0"]
[WhiteTitle "FM"]
[WhiteElo "2373"]
[BlackElo "1856"]
[WhiteFideId "207608"]
[BlackFideId "1016229"]
[EventDate "2016.07.16"]

1. d4 d5 2. c4 c6 3. Nf3 Nf6 4. Nc3 dxc4 5. a4 Bf5 6. e3 e6 7. Bxc4 Bb4 8. O-O
Nbd7 9. Qe2 Bg6 10. Rd1 O-O 11. Bd3 Re8 12. Bxg6 hxg6 13. e4 Be7 14. Bf4 Nh5 15.
Be3 Nhf6 16. a5 Qc7 17. a6 b6 18. Rac1 Rac8 19. h3 Qb8 20. Bg5 e5 21. Bxf6 gxf6
22. d5 cxd5 23. Nxd5 Rxc1 24. Rxc1 Nc5 25. b4 Ne6 26. Qb5 Nf4 27. Nxf4 exf4 28.
Nd4 Kg7 29. Nc6 Qc7 30. Qc4 Rc8 31. b5 Bc5 32. Qd3 Qd6 33. Qxd6 Bxd6 34. Rd1 1-0

[Event "39th Eastman Open 2016"]
[Site "Ghent BEL"]
[Date "2016.07.16"]
[Round "1.12"]
[White "Kok, Cas"]
[Black "Froeyman, Helmut"]
[Result "0-1"]
[BlackTitle "FM"]
[WhiteElo "1853"]
[BlackElo "2277"]
[WhiteFideId "1050702"]
[BlackFideId "203602"]
[EventDate "2016.07.16"]

1. d4 f5 2. g3 Nf6 3. Bg2 e6 4. Nf3 d5 5. c4 c6 6. O-O Bd6 7. b3 Qe7 8. Ne5 O-O
9. Nd2 b6 10. Ndf3 Bb7 11. a4 a5 12. Nd3 Na6 13. Nfe5 Rfd8 14. Bb2 c5 15. e3 Nb4
16. Qe2 Rac8 17. Nxb4 cxb4 18. c5 bxc5 19. dxc5 Bxc5 20. Qb5 Ra8 21. Rfc1 Bd6
22. Rc2 Rdb8 23. Nc6 Bxc6 24. Qxc6 Ne8 25. Rac1 Qd8 26. Bd4 h6 27. f3 Nf6 28. e4
e5 29. Bxe5 Bxe5 30. Qe6+ Kh8 31. Qxe5 0-1

[Event "39th Eastman Open 2016"]
[Site "Ghent BEL"]
[Date "2016.07.16"]
[Round "1.13"]
[White "Draftian, Ashote"]
[Black "Verduyckt, Johan"]
[Result "1-0"]
[WhiteTitle "FM"]
[WhiteElo "2283"]
[BlackElo "1851"]
[WhiteFideId "204552"]
[BlackFideId "263966"]
[EventDate "2016.07.16"]

1. f4 d5 2. e3 Nf6 3. Nf3 c5 4. d4 e6 5. c3 Nc6 6. Bd3 Be7 7. Nbd2 O-O 8. O-O b6
9. Ne5 Bb7 10. Qf3 Nd7 11. Qh3 f5 12. g4 g6 13. Ndf3 Ndxe5 14. fxe5 Qc8 15. Rf2
Nd8 16. Bd2 Nf7 17. gxf5 exf5 18. Kh1 Qe6 19. Rg1 Nh8 20. Ne1 Bc8 21. Ng2 Bg5
22. Nf4 Bxf4 23. Rxf4 Rf7 24. Be1 Rb8 25. Bh4 h5 26. Bf6 Kh7 27. Qh4 Bd7 28.
Rxg6 Nxg6 29. Qxh5+ Kg8 30. Qxg6+ Kf8 31. Rh4 1-0

[Event "39th Eastman Open 2016"]
[Site "Ghent BEL"]
[Date "2016.07.16"]
[Round "1.14"]
[White "Temmerman, Hans"]
[Black "Cools, Gorik"]
[Result "0-1"]
[BlackTitle "FM"]
[WhiteElo "1834"]
[BlackElo "2293"]
[WhiteFideId "210471"]
[BlackFideId "200298"]
[EventDate "2016.07.16"]

1. d4 Nf6 2. Nf3 g6 3. g3 Bg7 4. Bg2 O-O 5. O-O d6 6. c3 c6 7. Re1 Nbd7 8. e4 e5
9. Bg5 Qb6 10. Qc2 exd4 11. cxd4 d5 12. e5 Ne4 13. Be3 f6 14. Nh4 fxe5 15. dxe5
Qa5 16. Nd2 Nxe5 17. Nxe4 dxe4 18. Bxe4 Be6 19. f4 Nc4 20. Bf2 Rae8 21. f5 gxf5
22. Bxf5 Bxf5 23. Qxc4+ Kh8 24. Rxe8 Rxe8 25. Qf7 Rf8 26. Qxb7 Be4 27. Qxa7 Qd2
28. Qe3 Rxf2 29. Qxe4 Bd4 0-1

[Event "39th Eastman Open 2016"]
[Site "Ghent BEL"]
[Date "2016.07.16"]
[Round "2.1"]
[White "Te Bokkel, Gerrit Jan"]
[Black "Epishin, Vladimir"]
[Result "0-1"]
[BlackTitle "GM"]
[WhiteElo "2047"]
[BlackElo "2557"]
[WhiteFideId "1026348"]
[BlackFideId "4162714"]
[EventDate "2016.07.16"]

1. e4 c6 2. d4 d5 3. f3 e6 4. Nc3 Bb4 5. Ne2 Ne7 6. a3 Bd6 7. Be3 Nd7 8. Qd2 b5
9. Nc1 Nb6 10. b3 e5 11. Nd3 exd4 12. Bxd4 O-O 13. e5 Bc7 14. O-O-O Nd7 15. g4
Bb6 16. Bf2 d4 17. Ne4 Nd5 18. Kb2 c5 19. Nf4 Nxe5 20. Nxd5 Qxd5 21. Bxb5 Be6
22. Be2 Rab8 23. Bg3 Bc7 24. c4 dxc3+ 25. Qxc3 Rxb3+ 26. Ka1 Qxe4 0-1

[Event "39th Eastman Open 2016"]
[Site "Ghent BEL"]
[Date "2016.07.16"]
[Round "2.2"]
[White "Lintchevski, Daniil"]
[Black "Blom, Yeb"]
[Result "1-0"]
[WhiteTitle "GM"]
[WhiteElo "2548"]
[BlackElo "2046"]
[WhiteFideId "4171055"]
[BlackFideId "1024590"]
[EventDate "2016.07.16"]

1. e4 c5 2. Nf3 Nc6 3. d4 cxd4 4. Nxd4 Nf6 5. Nc3 d6 6. Be2 e6 7. Be3 Be7 8. Qd2
a6 9. O-O-O Qc7 10. g4 Ne5 11. g5 Nfg4 12. f4 Nxe3 13. Qxe3 Nc4 14. Qg3 Bd7 15.
f5 Rc8 16. g6 hxg6 17. fxe6 fxe6 18. Qxg6+ Kd8 19. Qxg7 Re8 20. Bxc4 Qxc4 21.
Rhf1 b5 22. a3 Rc5 23. Nf3 Rc8 24. Ng5 Rc6 25. Rf7 a5 26. Rxe7 Rxe7 27. Qf6 e5
28. Rd2 d5 29. Nf7+ Ke8 30. Nd6+ Rxd6 31. Qxd6 Bg4 32. Qb8+ Kf7 33. Rf2+ Kg6 34.
Nxd5 Re6 35. Qg8+ Kh5 36. Qh8+ Kg6 37. Ne7+ Rxe7 38. Rf6+ 1-0

[Event "39th Eastman Open 2016"]
[Site "Ghent BEL"]
[Date "2016.07.16"]
[Round "2.3"]
[White "Dam, Hans"]
[Black "Michiels, Bart"]
[Result "0-1"]
[BlackTitle "GM"]
[WhiteElo "2046"]
[BlackElo "2524"]
[WhiteFideId "1024795"]
[BlackFideId "202967"]
[EventDate "2016.07.16"]

1. d4 d5 2. Nf3 Nf6 3. c4 e6 4. g3 Be7 5. Bg2 O-O 6. cxd5 exd5 7. Qc2 c6 8. O-O
Ne4 9. Nc3 Bf5 10. Qb3 Qb6 11. Qxb6 axb6 12. Nxe4 Bxe4 13. Bd2 b5 14. a3 Re8 15.
Rfc1 Nd7 16. Bh3 Nb6 17. Ne5 Bf6 18. Bc3 Na4 19. f3 Bg6 20. f4 Be4 21. Kf2 Ra7
22. Nd7 Be7 23. Bg4 Rea8 24. b4 f5 25. Bh3 Nxc3 26. Rxc3 Bxb4 27. Rb3 Rxa3 0-1

[Event "39th Eastman Open 2016"]
[Site "Ghent BEL"]
[Date "2016.07.16"]
[Round "2.4"]
[White "Dgebuadze, Alexandre"]
[Black "Hilwerda, Jonas"]
[Result "1-0"]
[WhiteTitle "GM"]
[WhiteElo "2511"]
[BlackElo "2003"]
[WhiteFideId "203882"]
[BlackFideId "1046713"]
[EventDate "2016.07.16"]

1. e4 e5 2. Bc4 Nf6 3. d3 c6 4. Nf3 d5 5. Bb3 Bg4 6. h3 Bxf3 7. Qxf3 dxe4 8.
dxe4 Bc5 9. Nd2 Qe7 10. Nf1 Nfd7 11. Ng3 Qf6 12. Qe2 Na6 13. h4 h6 14. Rh3 g6
15. h5 O-O-O 16. Bd2 Nf8 17. O-O-O Ne6 18. hxg6 fxg6 19. Qf3 Nf4 20. Ne2 Nxe2+
21. Qxe2 Qxf2 22. Qxf2 Bxf2 23. Rxh6 Rxh6 24. Bxh6 Nc5 25. Rxd8+ Kxd8 26. Bf7
Nxe4 27. Bxg6 Nd6 28. Kd1 Ke7 29. Bg5+ Ke6 30. Ke2 Bb6 31. Kd3 Bf2 32. g4 b6 33.
Bh7 Nb7 34. Bg8+ Kd6 35. Ke4 Nc5+ 36. Kf3 Be1 37. Be3 Ne6 38. Bxe6 Kxe6 39. Ke4
Bb4 40. a4 Bf8 41. b3 c5 42. Bg5 Bd6 43. Bh4 Bc7 44. Bg3 Bd6 45. c4 Bc7 46. g5
Bd8 47. g6 Bf6 48. Be1 Bg7 49. a5 Kf6 50. Bc3 Ke6 51. a6 Bf6 52. Bd2 Bg7 53. Bg5
Kd7 54. Kd5 1-0

[Event "39th Eastman Open 2016"]
[Site "Ghent BEL"]
[Date "2016.07.16"]
[Round "2.5"]
[White "Van Kessel, Wessel"]
[Black "Inkiov, Ventzislav"]
[Result "0-1"]
[BlackTitle "GM"]
[WhiteElo "2007"]
[BlackElo "2467"]
[WhiteFideId "233404"]
[BlackFideId "2900033"]
[EventDate "2016.07.16"]

1. e4 c5 2. Nc3 Nc6 3. Bb5 g6 4. Bxc6 bxc6 5. d3 Bg7 6. f4 d6 7. Nf3 Nf6 8. O-O
O-O 9. Qe1 c4 10. dxc4 Ba6 11. e5 Nd7 12. e6 Nc5 13. exf7+ Rxf7 14. Ng5 Rf5 15.
Be3 Bxc4 16. Bxc5 dxc5 17. Rf3 Qd6 18. Qe4 Bd4+ 19. Kh1 e5 20. Nh3 Bd5 21. Nxd5
cxd5 22. Qe1 exf4 23. Qh4 Bxb2 24. Rb1 Bf6 25. Qf2 Rf8 26. Rb7 Qa6 27. Rfb3 Bd4 0-1

[Event "39th Eastman Open 2016"]
[Site "Ghent BEL"]
[Date "2016.07.16"]
[Round "2.6"]
[White "Bergmans, Dirk"]
[Black "Docx, Stefan"]
[Result "0-1"]
[BlackTitle "IM"]
[WhiteElo "1980"]
[BlackElo "2420"]
[WhiteFideId "1042327"]
[BlackFideId "200778"]
[EventDate "2016.07.16"]

1. d4 Nf6 2. c4 e6 3. Nf3 c5 4. d5 exd5 5. cxd5 d6 6. Nc3 g6 7. Bf4 a6 8. a4 Bg7
9. h3 O-O 10. e3 Re8 11. Nd2 Nfd7 12. Qb3 Ne5 13. Be2 Nbd7 14. O-O b6 15. Bh2 f5
16. Rfe1 Rb8 17. e4 Nf6 18. Bf1 Bh6 19. f4 Nf7 20. Bd3 b5 21. axb5 axb5 22. Bxb5
Bd7 23. Qa4 Bxb5 24. Nxb5 Nxe4 25. Nxe4 fxe4 26. Re2 Bg7 27. Bg3 Nh6 28. Be1 Nf5
29. Ra3 Rxb5 30. Qxb5 Nd4 31. Qc4 Nxe2+ 32. Qxe2 Bd4+ 33. Kh2 Qf6 34. Qg4 h5 35.
Qd7 Qxf4+ 36. Bg3 Qf7 37. Qxd6 h4 0-1

[Event "39th Eastman Open 2016"]
[Site "Ghent BEL"]
[Date "2016.07.16"]
[Round "2.7"]
[White "Djuric, Stefan"]
[Black "De Vos, Clemens"]
[Result "1-0"]
[WhiteTitle "GM"]
[WhiteElo "2420"]
[BlackElo "2041"]
[WhiteFideId "900133"]
[BlackFideId "1033158"]
[EventDate "2016.07.16"]

1. e4 g6 2. d4 Bg7 3. Nf3 b6 4. Bc4 Bb7 5. O-O Nf6 6. e5 Nd5 7. Bb3 O-O 8. c4
Nb4 9. d5 d6 10. e6 fxe6 11. Ng5 Bc8 12. dxe6 N8c6 13. a3 Na6 14. Ba4 Bb7 15.
Nc3 Nc5 16. Bxc6 Bxc6 17. Nd5 Ba4 18. Qg4 Bc2 19. Qh4 h6 20. Nf7 Rxf7 21. exf7+
Kxf7 22. Bxh6 e6 23. Bg5 Qd7 24. Nf6 Qc6 25. Ng4 Rh8 26. Nh6+ Bxh6 27. Bxh6 e5
28. f3 1-0

[Event "39th Eastman Open 2016"]
[Site "Ghent BEL"]
[Date "2016.07.16"]
[Round "2.8"]
[White "Boons, Bert"]
[Black "Alienkin, Aleksander"]
[Result "0-1"]
[BlackTitle "IM"]
[WhiteElo "1965"]
[BlackElo "2387"]
[WhiteFideId "212865"]
[BlackFideId "4156765"]
[EventDate "2016.07.16"]

1. e4 e6 2. Nc3 d5 3. d3 Bb4 4. Bd2 Ne7 5. g3 O-O 6. Bg2 c5 7. f4 Nbc6 8. Nf3
Nd4 9. O-O Nxf3+ 10. Bxf3 d4 11. Ne2 Bxd2 12. Qxd2 Bd7 13. g4 f5 14. gxf5 exf5
15. Ng3 Qc7 16. Bg2 Ng6 17. e5 Bc6 18. Bxc6 Qxc6 19. Qg2 Qxg2+ 20. Kxg2 Ne7 21.
Kf3 Nd5 22. Rg1 g6 23. Rac1 Kf7 24. Nf1 Rfc8 25. Nd2 b5 26. c3 dxc3 27. bxc3 Nb6
28. c4 b4 29. h4 Nd7 30. h5 Nf8 31. hxg6+ hxg6 32. Nb3 Ne6 33. Rh1 Kg7 34. Rh2
Rh8 35. Rch1 Rxh2 36. Rxh2 a5 37. Ke3 a4 38. Nc1 Rb8 39. Ne2 b3 40. axb3 Rxb3
41. Nc1 Rb1 42. Na2 Re1+ 43. Kf2 Ra1 44. Ke3 a3 45. Nc3 Re1+ 46. Kf3 Nd4+ 0-1

[Event "39th Eastman Open 2016"]
[Site "Ghent BEL"]
[Date "2016.07.16"]
[Round "2.9"]
[White "De Hoogt, Ivar"]
[Black "Sarrau, Jelle"]
[Result "1-0"]
[BlackTitle "FM"]
[WhiteElo "2025"]
[BlackElo "2373"]
[WhiteFideId "1043757"]
[BlackFideId "207608"]
[EventDate "2016.07.16"]

1. g3 d5 2. Bg2 c6 3. d3 Nf6 4. Nc3 e5 5. e4 Bb4 6. Bd2 d4 7. Nce2 Bxd2+ 8. Qxd2
c5 9. h3 Nc6 10. f4 Qd6 11. Nf3 h6 12. O-O Be6 13. b4 cxb4 14. fxe5 Nxe5 15.
Nxe5 Qxe5 16. Qxb4 O-O-O 17. c3 dxc3 18. d4 Qc7 19. d5 Bd7 20. Rac1 Kb8 21. Rxc3
Qe5 22. Rb1 b6 23. Ra3 Bc8 24. Nd4 Rd6 25. Rxa7 Bb7 26. Nc6+ 1-0

[Event "39th Eastman Open 2016"]
[Site "Ghent BEL"]
[Date "2016.07.16"]
[Round "2.11"]
[White "Leemans, Huub"]
[Black "Draftian, Ashote"]
[Result "0-1"]
[BlackTitle "FM"]
[WhiteElo "1997"]
[BlackElo "2283"]
[WhiteFideId "1018426"]
[BlackFideId "204552"]
[EventDate "2016.07.16"]

1. d4 f5 2. Nf3 Nf6 3. g3 e6 4. Bg2 d5 5. O-O Bd6 6. c4 O-O 7. b3 Ne4 8. Ba3 b6
9. Bxd6 Qxd6 10. Nfd2 Bb7 11. Nxe4 dxe4 12. Nc3 Na6 13. Qd2 Rfd8 14. Rfd1 c5 15.
e3 Nb4 16. Qe1 Nc2 17. dxc5 Qe5 0-1

[Event "39th Eastman Open 2016"]
[Site "Ghent BEL"]
[Date "2016.07.16"]
[Round "2.12"]
[White "Cools, Gorik"]
[Black "Klaus, Dominik"]
[Result "1-0"]
[WhiteTitle "FM"]
[WhiteElo "2293"]
[BlackElo "2026"]
[WhiteFideId "200298"]
[BlackFideId "12915530"]
[EventDate "2016.07.16"]

1. e4 c5 2. Nf3 d6 3. d4 cxd4 4. Nxd4 Nf6 5. Nc3 a6 6. g3 b5 7. Bg2 Bb7 8. O-O
e6 9. Re1 Qc7 10. a4 b4 11. Nd5 exd5 12. exd5+ Kd8 13. Bg5 Nd7 14. Qe2 Ne5 15.
f4 Qc5 16. fxe5 Qxd4+ 17. Be3 Qxe5 18. Bb6+ Kd7 19. Bh3+ Ke8 20. Qd3 Nxd5 21.
Bd4 Qe7 22. Bg2 Rb8 23. Ba7 1-0

[Event "39th Eastman Open 2016"]
[Site "Ghent BEL"]
[Date "2016.07.16"]
[Round "2.13"]
[White "Kalmes, Rene"]
[Black "Lammens, Tim"]
[Result "1-0"]
[BlackTitle "FM"]
[WhiteElo "2018"]
[BlackElo "2305"]
[WhiteFideId "4000919"]
[BlackFideId "1008803"]
[EventDate "2016.07.16"]

1. e4 e5 2. Nf3 Nc6 3. Bc4 Nf6 4. Ng5 d5 5. exd5 Na5 6. Bb5+ c6 7. dxc6 bxc6 8.
Bd3 g6 9. O-O Bg7 10. Nc3 O-O 11. Re1 Nd5 12. Nge4 f5 13. Ng3 Rb8 14. a3 e4 15.
Bf1 Bd4 16. Nxd5 cxd5 17. c3 Bxf2+ 18. Kxf2 f4 19. Nh1 Qb6+ 20. d4 exd3+ 21. Kf3
Nb3 22. Rb1 d2 23. Bxd2 Bf5 24. Bxf4 Bxb1 25. Qxd5+ Rf7 26. Bc4 Qb7 27. Qxb7
Rxb7 28. Kg3 Bf5 29. Bh6 1-0

[Event "39th Eastman Open 2016"]
[Site "Ghent BEL"]
[Date "2016.07.16"]
[Round "2.14"]
[White "Sadkowski, Daniel"]
[Black "Hummel, Joop"]
[Result "1-0"]
[WhiteTitle "FM"]
[WhiteElo "2260"]
[BlackElo "2007"]
[WhiteFideId "200255"]
[BlackFideId "1012126"]
[EventDate "2016.07.16"]

1. d4 Nf6 2. Bg5 c5 3. Bxf6 gxf6 4. d5 d6 5. c4 Bg7 6. Nc3 f5 7. e3 Nd7 8. Qc2
Ne5 9. Nh3 O-O 10. Be2 Ng6 11. Bd3 e6 12. O-O a6 13. a4 b6 14. Rab1 Qh4 15. f4
Qf6 16. Kh1 Bb7 17. e4 fxe4 18. Bxe4 Qe7 19. f5 exf5 20. Bxf5 Qh4 21. Ne4 Be5
22. Neg5 b5 23. b3 Qh5 24. Nf3 Bg7 25. Nhg5 Bc8 26. axb5 axb5 27. cxb5 Bxf5 28.
Qxf5 h6 29. g4 Nh4 30. Qh7# 1-0